|
|
|
|
| LEADER |
00000nab a2200000 a 4500 |
| 001 |
vtls008620519 |
| 003 |
SK-MaSNL |
| 005 |
20260304145834.0 |
| 008 |
250505c2005 xo mr|p|||||||000 b|slo |
| 015 |
|
|
|a SNBRB2006/02
|2 snkbucl
|
| 035 |
|
|
|a (uuid)a7b1aca3-3c35-492e-aae3-29f057c912ed
|
| 035 |
|
|
|a urn:nbn:sk:snk-ab9x1u
|
| 035 |
|
|
|a (urnnbn)urn:nbn:sk:snk:ar-a09321
|
| 038 |
|
|
|a SNKBUCL
|
| 040 |
|
|
|a SNKBUCL
|b slo
|c SNKBUCL
|e AACR2
|
| 041 |
0 |
|
|a slo
|
| 044 |
|
|
|a xo
|c SK
|
| 080 |
|
|
|a 82.09:821.111 (94)-32
|x (048)
|2 1997
|
| 080 |
|
|
|a 821.111 (94)-32
|x (048)
|2 1997
|
| 080 |
|
|
|a 821.111 (94)-94
|x (048)
|2 1997
|
| 100 |
1 |
|
|a Kopča, Marek,
|d 1981-
|4 aut
|9 103755
|
| 245 |
1 |
0 |
|a Bez možnosti voľby
|c Marek Kopča
|
| 600 |
1 |
7 |
|a Kelly, Ned
|d 1855-1880
|x biografické prózy
|2 snkbucl
|9 1469195
|
| 650 |
0 |
7 |
|a biografické prózy, austrálske
|x recenzie
|2 snkbucl
|9 1469196
|
| 655 |
|
7 |
|a recenzie
|2 snkbucl
|9 21907
|
| 773 |
0 |
|
|t RAK
|g Roč. X, č. 9 (2005), s. 48 a 50
|x 1335-1702
|
| 787 |
0 |
8 |
|i Rec.:
|a Carey, Peter, 1943-
|t Príbeh Neda Kellyho
|d Bratislava : Slovenský spisovateľ, c2003
|z 8022012610
|
| 850 |
|
|
|a Slovenská národná knižnica
|
| 852 |
|
|
|a Slovenská národná knižnica
|
| 958 |
|
|
|a article13
|
| 958 |
|
|
|a OND
|
| 958 |
|
|
|a LX
|
| 958 |
|
|
|a AU
|
| 958 |
|
|
|a RC
|
| 958 |
|
|
|a EUIPO
|
| 999 |
|
|
|c 2937113
|d 2939043
|